| 000 | 01485cam a2200217 4500 | ||
|---|---|---|---|
| 001 | ABS67128 | ||
| 008 | 031029n2003 000 0 eng u | ||
| 035 | _a(Sirsi) u124159 | ||
| 245 | _aBritain's biggest house builders: supplement | ||
| 260 | _c2003 | ||
| 490 |
_aHouse Builder _v62(9) October 2003, 1-32(17) (LOAN) |
||
| 520 | _aContains articles on the industry's key players, market reporting and house builder rankings: "Interesting times" analyses the results from the new House Builder "Housing market intelligence report"; "Adapt or die" provides insights from the chief executive of Bovis Homes on the problems facing the boards of UK house builders; "Slippery slope" provides evidence to fuel the house building industry's concerns about the declining efficiency of the planning system; "You're all doomed.." presents chief executive of Crest Nicholson John Calcutt's doomsday scenario for house builders who do not embrace the social agenda; "Up for it" profiles Spencer McCarthy, one of the industry's fastest risers; and "Top ten" showcases the 10 men who run the top 10 house builders. Provides a league table of Britain's top 25 house builders, giving key financial and operational details for each company. Lists key contacts. | ||
| 590 | _aABS | ||
| 650 | _aHOUSE BUILDERS | ||
| 650 | _aHOUSE BUILDING INDUSTRY | ||
| 650 | _aPLANNING SYSTEM | ||
| 650 | _aRANKINGS | ||
| 650 | _aSTATISTICS | ||
| 690 | _aBUILT ENVIRONMENT-CONSTRUCTION MARKET | ||
| 942 | _n0 | ||
| 999 |
_c73695 _d73695 |
||